000 00796nam a2200253Ia 4500
008 180523s9999 xx 000 0 und d
020 _a0-471-46425-2
050 _aMAIN KF 2042
050 _b.H6B37 2006
100 _aBarth, Stephen.
245 0 _aHospitality law :
245 0 _bmanaging legal issues in the hospitality industry /
245 0 _cStephen Barth; David K. Hayes, consulting author.
250 _a2nd Edition
260 _aAustralia :
260 _bJohn Wiley & Sons,
260 _c2005
300 _a427 pages :
300 _billustrations ;
300 _c29 cm.
500 _aIncludes bibliographical references and index.
650 _aHotels -- Law and legislation -- Unted States.
650 _xHospitality industry -- Law and legislation -- United States.
999 _c357304
_d357304